00430nam a22001577a 450000500170000000800410001702000120005804000090007004100120007908200190009110000180011024500240012826000530015230000170020565000500022220260523124145.0260523b |||||||| |||| 00| 0 eng d c2500.00 aMAIN aEnglish a581.95486bRAI aRaizada, M.B. aFlora of Mansoori  aDehradun bBishan Singh Mahindra Pal Singhc1978 a645bVol.1st aUttarakhand Collection : Himalaya Collection